[Event "9th HDBank Open 2019"]
[Site "Ho Chi Minh City"]
[Date "2019.03.10"]
[Round "6.22"]
[White "Laylo, Darwin"]
[Black "Vo, Thanh Ninh"]
[Result "1/2-1/2"]
[WhiteElo "2430"]
[BlackElo "2358"]
[Annotator "TA"]
[PlyCount "52"]
[EventDate "2019.03.07"]
[EventType "swiss"]
[EventCountry "VIE"]
[SourceTitle "playchess.com"]
[Source "ChessBase"]
[SourceQuality "1"]

{[%evp 27,52,-23,-26,-21,-15,-29,-29,-36,-18,-29,-14,-22,0,0,0,0,9,0,0,0,0,0,0,0,0,0,0]} 1. d4 Nf6 2. c4 g6 3. Nc3 Bg7 4. e4 d6 5. Nf3 O-O 6. h3 e5 7. dxe5 dxe5 8. Qxd8 Rxd8 9. Bg5 Na6 10. Nd5 Rd6 {E90: King's Indian: Classical: Early deviations and 6 h3} 11. Bxf6 Bxf6 12. b4 (12. Rc1 b6 13. b4 c6 14. Nxf6+ Rxf6 15. a3 c5 16. b5 Nc7 17. Rd1 a6 18. Rd8+ {0-1 (44) Wang,Y (2690)-Saric,I (2669) Riadh 2017}) 12... c6 13. Nxf6+ Rxf6 14. a3 c5 {LiveBook: 8 Games} 15. b5 Nc7 16. Be2 Re6 17. O-O f6 $146 ({Predecessor:} 17... Re8 18. Rfd1 {0-1 (43) Sogorin,V-Kinchant,K (2292) ICCF email 2011}) 18. Rfd1 Kf7 19. a4 {The position is equal.} a5 20. Ne1 Re7 21. Nc2 $36 {[%mdl 2048] White has good play.} Rd7 22. Rxd7+ (22. Bg4 {feels hotter.} f5 23. exf5 gxf5 24. Bf3 e4 25. Bh5+) 22... Bxd7 23. Rd1 Ke7 24. Ne3 Rd8 25. Bg4 Be8 26. Rxd8 Kxd8 {Precision: White = 61%, Black = 57%.} 1/2-1/2

[Event "9th HDBank Open 2019"]
[Site "Ho Chi Minh City"]
[Date "2019.03.10"]
[Round "6.23"]
[White "Rohith, Krishna S"]
[Black "Laxman, R.R."]
[Result "*"]
[WhiteElo "2363"]
[BlackElo "2425"]
[Annotator "TA"]
[PlyCount "74"]
[EventDate "2019.03.07"]
[EventType "swiss"]
[EventCountry "VIE"]
[SourceTitle "playchess.com"]
[Source "ChessBase"]
[SourceQuality "1"]

{[%evp 15,74,24,27,27,42,36,52,14,23,16,22,18,26,-12,24,24,24,19,22,19,12,20,27,18,59,39,77,77,66,72,69,70,90,83,103,97,79,62,88,65,56,0,10,10,38,0,0,0,18,0,0,0,0,-75,-85,-164,-168,-159,-92,-154,-145]} 1. Nf3 Nf6 2. g3 g6 3. Bg2 d5 4. O-O Bg7 5. d4 O-O 6. c4 dxc4 7. Na3 c3 8. bxc3 c5 9. Bb2 {D77: Fianchetto Grünfeld: 6 0-0: Replies other than 6...c6} (9. Re1 Nc6 10. Bb2 Nd5 11. Qc2 cxd4 12. Nxd4 Nf6 13. Nxc6 bxc6 14. c4 Bf5 15. Qc1 Qc7 16. Nc2 Rab8 {1-0 (39) Mamedyarov,S (2809)-Grischuk,A (2767) Berlin 2018}) 9... cxd4 10. cxd4 Nc6 11. Nc4 {White is slightly better.} Be6 12. Rc1 $146 ({Predecessor:} 12. Nfe5 Nxe5 13. Nxe5 Bd5 14. Qa4 h5 15. Rac1 h4 16. Bxd5 Qxd5 17. Qc4 hxg3 18. hxg3 Qxc4 19. Rxc4 Rfc8 20. Rfc1 Rxc4 21. Rxc4 Ne8 {½-½ (21) Gholami Orimi,M (2279)-Firouzja,A (2527) Sari 2017}) 12... Bd5 13. a3 Rb8 14. Qd2 Ne4 15. Qd3 Nd6 16. Nxd6 exd6 17. e4 Be6 18. Bc3 d5 19. e5 Bf5 20. Qd2 Be4 21. Nh4 $36 {[%mdl 2048] Hoping for f3. White is really pushing.} Bxg2 22. Nxg2 f6 {[%cal Rf6e5]} 23. f4 fxe5 24. dxe5 d4 25. Bb4 Nxb4 26. Qxb4 Qd5 27. Rfd1 Rfd8 28. Rc5 (28. Ne3 $5 {[%cal Re3d5]} Qf3 29. Nf1 $14) 28... Qa2 29. Rd2 Qf7 {And now ...Bf8 would win.} 30. Rc1 ({Not} 30. Rxd4 Bf8 $17) 30... Bf8 31. Qb2 b6 32. Ne1 Rbc8 33. Nd3 Qd5 34. Kf2 {[#]} (34. Nf2 $11) 34... Rc3 $1 $17 {[%mdl 512]} 35. Re1 (35. Rb1 $17) (35. Rxc3 dxc3) 35... Bxa3 $19 36. Qb1 Qe6 ({Black should try} 36... b5 37. Kg1 Qc4) 37. Qd1 (37. Qb5 $142) 37... b5 {Accuracy: White = 46%, Black = 58%.} *

[Event "9th HDBank Open 2019"]
[Site "Ho Chi Minh City"]
[Date "2019.03.10"]
[Round "6.24"]
[White "Tu, Hoang Thong"]
[Black "Raghunandan, Kaumandur Srihari"]
[Result "*"]
[WhiteElo "2416"]
[BlackElo "2352"]
[Annotator "TA"]
[PlyCount "36"]
[EventDate "2019.03.07"]
[EventType "swiss"]
[EventCountry "VIE"]
[SourceTitle "playchess.com"]
[Source "ChessBase"]
[SourceQuality "1"]

{[%evp 15,36,18,40,31,38,26,54,22,58,44,74,64,93,80,97,80,108,123,115,96,141,113,121]} 1. Nf3 Nf6 2. c4 g6 3. b4 Bg7 4. Bb2 O-O 5. g3 d6 6. Bg2 e5 7. d3 Nc6 8. b5 {A15: English Opening: 1...Nf6} Ne7 {LiveBook: 5 Games} 9. Nbd2 (9. O-O h6 10. Nbd2 Be6 11. Qc2 Nd7 12. d4 f5 13. dxe5 dxe5 14. e4 f4 15. c5 c6 16. Nc4 Qb8 17. b6 axb6 18. Nxb6 Nxb6 19. cxb6 {1-0 (42) Akopian,V (2673)-Tukhaev,A (2512) Plovdiv 2008}) 9... h6 10. Qc2 $146 {White is slightly better.} ({Predecessor:} 10. O-O c5 11. bxc6 Nxc6 12. Rb1 Be6 13. Qa4 Qd7 14. Qb5 Rab8 15. c5 Ne8 {½-½ (48) Karbowiak,A (2219)-Szumilas,P (2127) Chotowa 2007}) 10... Nd7 11. d4 exd4 12. Nxd4 Nc5 13. O-O Bg4 14. Rfe1 Rb8 15. Rad1 Re8 16. N4b3 Bf5 17. Qc1 {[#] Hoping for Bxg7.} Nc8 18. Bxg7 Kxg7 {Precision: White = 78%, Black = 12%.} *

[Event "9th HDBank Open 2019"]
[Site "Ho Chi Minh City"]
[Date "2019.03.10"]
[Round "6.26"]
[White "Xu, Minghui"]
[Black "Rahul Srivatshav P"]
[Result "1/2-1/2"]
[WhiteElo "2293"]
[BlackElo "2400"]
[Annotator "TA"]
[PlyCount "42"]
[EventDate "2019.03.07"]
[EventType "swiss"]
[EventCountry "VIE"]
[SourceTitle "playchess.com"]
[Source "ChessBase"]
[SourceQuality "1"]

{[%evp 20,42,17,18,25,30,36,0,0,0,0,0,0,0,0,0,0,-33,-10,-19,0,-45,0,-16,0]} 1. d4 Nf6 2. c4 g6 3. Nc3 Bg7 4. e4 d6 5. Nf3 O-O 6. Be2 e5 7. O-O Nc6 8. dxe5 Nxe5 9. Nxe5 dxe5 10. Be3 c6 {E97: King's Indian: Classical Main Line (6...e5 7 0-0 Nc6): 8 Be3 and 8 d5 Ne7, not 9 Ne1} 11. Qa4 {LiveBook: 8 Games} Qe7 (11... Be6 12. Rfd1 Qc7 13. b4 Nd7 14. c5 Rfe8 15. Qc2 Bf8 16. a3 Rad8 17. Na4 Nf6 {½-½ (37) Landa,K (2618)-Adhiban,B (2663) Stockholm 2016}) 12. b4 Rd8 {White has an edge.} 13. Rfd1 Rxd1+ $146 ({Predecessor:} 13... Be6 14. Rxd8+ Qxd8 15. Rd1 Nd7 16. c5 Bf8 17. Qc2 Qc7 {½-½ (25) Polyik,P (2264)-Srinath,R (2367) Budapest 2018}) 14. Rxd1 Bf8 15. Bc5 Qc7 16. Bxf8 ({But not} 16. Bxa7 $2 b5 $19) 16... Kxf8 17. c5 Be6 18. Rd6 Ne8 19. Rd1 Nf6 20. Rd6 Ne8 21. Rd1 Nf6 {Precision: White = 70%, Black = 52%.} 1/2-1/2

[Event "9th HDBank Open 2019"]
[Site "Ho Chi Minh City"]
[Date "2019.03.10"]
[Round "6.27"]
[White "Zou, Chen"]
[Black "Tran, Minh Thang"]
[Result "*"]
[WhiteElo "2397"]
[BlackElo "2343"]
[Annotator "TA"]
[PlyCount "49"]
[EventDate "2019.03.07"]
[EventType "swiss"]
[EventCountry "VIE"]
[SourceTitle "playchess.com"]
[Source "ChessBase"]
[SourceQuality "1"]

{[%evp 23,49,5,19,20,48,52,33,41,94,98,120,126,150,146,143,64,60,0,0,-26,-21,-22,-21,-38,-28,-35,-37,-80]} 1. e4 c5 2. Nf3 e6 3. d4 cxd4 4. Nxd4 a6 5. Bd3 g6 6. O-O Bg7 7. Be3 Ne7 8. c4 O-O 9. Nc3 d5 10. cxd5 exd5 11. exd5 Nxd5 12. Nxd5 Qxd5 13. Rc1 {B42: Sicilian: Kan Variation: 5 Bd3} Nd7 14. Bc4 Qa5 {[#]} 15. b4 $146 {White is slightly better.} ({Predecessor:} 15. Ne6 fxe6 16. Bxe6+ Kh8 17. Bxd7 Bxd7 18. Qxd7 Qxa2 19. Rc7 Qxb2 20. Rd1 Rae8 {1-0 (31) Sulskis,S (2525)-Kulaots,K (2525) Tallinn 2007}) 15... Qxb4 {[#]} (15... Qd8 $14) 16. Nf3 $1 $16 Qa5 {[#]} 17. Re1 $1 {[%mdl 1024] White has strong compensation.} Qf5 18. Bb3 a5 {[%cal Ba6a5,Ba5a4][%mdl 32]} 19. Rc7 (19. a4 $16) 19... a4 $1 $14 {[%cal Ra4b3]} 20. Bc2 (20. Bc4 $1 $14) 20... Qb5 $1 $11 21. h4 Ne5 22. Nxe5 Qxe5 23. Bb6 Bg4 24. Rxe5 Bxd1 25. Rec5 {Accuracy: White = 70%, Black = 62%.} *

[Event "9th HDBank Open 2019"]
[Site "Ho Chi Minh City"]
[Date "2019.03.10"]
[Round "6.28"]
[White "Tobing, Daniel Hermawan Lum"]
[Black "Hoang, Canh Huan"]
[Result "*"]
[WhiteElo "2050"]
[BlackElo "2394"]
[Annotator "TA"]
[PlyCount "42"]
[EventDate "2019.03.07"]
[EventType "swiss"]
[EventCountry "VIE"]
[SourceTitle "playchess.com"]
[Source "ChessBase"]
[SourceQuality "1"]

{[%evp 13,42,34,27,20,21,-48,-53,-56,-48,-61,-48,-36,-41,-75,-56,-139,-135,-139,-139,-139,-139,-139,-144,-145,-145,-139,-127,-144,-147,-170,-159]} 1. e4 c5 2. Nf3 Nc6 3. d4 cxd4 4. Nxd4 Qb6 5. Nb3 Nf6 6. Bd3 e6 7. O-O Be7 8. c4 {B32: Sicilian: Löwenthal and Kalashnikov Variations} (8. Nc3 Qc7 9. f4 d6 10. a4 b6 11. Nb5 Qb8 12. Qe2 O-O 13. Bd2 Bb7 14. Rae1 a6 15. N5d4 Qc7 16. Kh1 {½-½ (39) Movsesian,S (2659)-Azarov,S (2595) Minsk 2015}) 8... d5 9. Nc3 (9. cxd5 $11 exd5 10. Nc3) 9... d4 $15 10. c5 {Black is slightly better.} Qd8 $1 ({Not} 10... Bxc5 $2 11. Na4 $18) 11. Nb5 e5 12. Bg5 O-O 13. Rc1 Be6 {[#]} 14. Nd2 $146 {[#]} (14. Nd6 $15) ({Predecessor:} 14. Qe1 Nd7 15. Bxe7 Qxe7 {½-½ (100) Oral,T (2526)-Zhigalko,A (2555) Czechia 2011}) 14... Nd7 $1 $17 15. Bxe7 Qxe7 16. Nc7 Nxc5 17. Nxe6 Nxd3 18. Nxf8 Nxc1 ({Stronger than} 18... Kxf8 19. Rb1 $14) 19. Qxc1 Rxf8 20. Nb3 Rc8 21. f4 Qd8 {Accuracy: White = 36%, Black = 92%.} *

[Event "9th HDBank Open 2019"]
[Site "Ho Chi Minh City"]
[Date "2019.03.10"]
[Round "6.29"]
[White "Sukandar, Irine Kharisma"]
[Black "Pranesh, M."]
[Result "*"]
[WhiteElo "2381"]
[BlackElo "2309"]
[Annotator "TA"]
[PlyCount "64"]
[EventDate "2019.03.07"]
[EventType "swiss"]
[EventCountry "VIE"]
[SourceTitle "playchess.com"]
[Source "ChessBase"]
[SourceQuality "1"]

{[%evp 9,64,14,47,14,34,12,12,0,0,0,23,18,19,23,17,20,22,15,25,25,37,35,42,42,46,45,58,62,80,80,96,75,83,73,66,44,91,59,115,44,41,28,130,0,102,-50,-8,-19,-14,-68,0,-10,-3,-14,-19,-10,0]} 1. e4 e5 2. Nf3 Nc6 3. Bb5 Nf6 4. d3 Bc5 5. c3 d6 (5... d5 6. Nbd2 dxe4 7. dxe4 O-O 8. O-O Qe7 9. b4 Bd6 10. a3 a5 11. Rb1 axb4 12. axb4 Be6 13. Re1 Rfd8 14. Qc2 h6 15. Bf1 Ra2 16. Bb2 Qe8 {½-½ (56) Carlsen,M (2835)-Kramnik,V (2777) Wijk aan Zee 2019}) 6. h3 {C65: Ruy Lopez: Berlin Defence (3...Nf6), unusual lines and 4 0-0 Bc5} h6 7. O-O {Strongly threatening d4.} O-O 8. d4 Bb6 9. Re1 Ne7 10. Bd3 Ng6 11. Be3 c6 12. Nbd2 Re8 13. Qc2 Be6 $146 14. Rad1 Qe7 15. b4 Qc7 16. c4 exd4 17. Nxd4 Bxd4 18. Bxd4 Nd7 19. Be3 Ne7 20. Nb3 c5 21. f4 {Hoping for f5.} f6 22. Be2 Rad8 23. b5 b6 (23... Bf7 $14) 24. Bf3 (24. Bh5 $16) 24... f5 $1 $14 25. Bc1 Nf6 {[#]} (25... fxe4 $1 $11 {keeps the balance.} 26. Bxe4 Nf6) 26. Bb2 (26. Nd2 $1 $16) 26... Nxe4 {[#]} (26... fxe4 $11 27. Bxf6 (27. Bxe4 Nxe4 28. Qxe4 Nf5 $11) 27... gxf6) 27. Bxe4 $2 (27. Nd2 $1 $16) 27... fxe4 $15 28. Qxe4 Bf7 29. f5 (29. Qf3 $11) 29... Qc8 (29... d5 $15 30. Qg4 d4) 30. Rf1 $11 {Threatens to win with Qg4.The position is equal.} Nxf5 31. Qxf5 Qxf5 32. Rxf5 {Black must now prevent Nd2.} Bxc4 {Accuracy: White = 49%, Black = 31%.} *

[Event "9th HDBank Open 2019"]
[Site "Ho Chi Minh City"]
[Date "2019.03.10"]
[Round "6.30"]
[White "Nandhidhaa, P V"]
[Black "Navalgund, Niranjan"]
[Result "1-0"]
[WhiteElo "2240"]
[BlackElo "2378"]
[Annotator "TA"]
[PlyCount "48"]
[EventDate "2019.03.07"]
[EventType "swiss"]
[EventCountry "VIE"]
[SourceTitle "playchess.com"]
[Source "ChessBase"]
[SourceQuality "1"]

{[%evp 12,48,19,0,0,0,0,-37,20,-15,-7,-20,11,0,2,-12,4,25,73,73,132,142,172,179,213,203,335,356,345,325,332,330,325,337,390,379,611,595,565]} 1. Nf3 Nf6 2. g3 b6 3. Bg2 Bb7 4. O-O e6 5. d3 c5 6. e4 d6 7. Nh4 Nc6 {A05: Réti Opening: 1 Nf3 Nf6} 8. f4 Be7 9. Be3 (9. c4 a6 10. Nc3 b5 11. b3 Nd7 12. cxb5 axb5 13. Nxb5 Ba6 14. Nc3 Bxh4 15. gxh4 Qxh4 {1-0 (38) Pikula,D (2455)-Novkovic,M (2374) Wuerttemberg 2015}) 9... Qc7 $146 (9... d5 $15) ({Predecessor:} 9... O-O 10. Nd2 Qc7 11. h3 a5 12. a3 d5 13. e5 Nd7 14. Qg4 b5 15. c3 {1-0 (33) Schatz,H (2339)-Vehlow,B (2172) Remote email 2014}) 10. Nd2 O-O-O 11. c3 Ba6 12. Qe2 Kb8 13. Rfc1 d5 {Hoping for ...dxe4.} 14. e5 Ne8 15. Nhf3 f6 (15... Qd7 $142) 16. b4 $16 fxe5 {With the idea ...e4.} 17. bxc5 bxc5 18. Nxe5 Nd6 (18... Nxe5 {was necessary.} 19. fxe5 Ka8) 19. Nxc6+ Qxc6 20. c4 Nb7 21. Rab1 Ka8 22. f5 exf5 23. cxd5 Rxd5 $2 {[#]} (23... Qe8 24. Qf2 Bd6) 24. Nc4 Rhd8 {Accuracy: White = 60%, Black = 38%.} 1-0

[Event "9th HDBank Open 2019"]
[Site "Ho Chi Minh City"]
[Date "2019.03.10"]
[Round "6.30"]
[White "Nandhidhaa, P V"]
[Black "Navalgund, Niranjan"]
[Result "*"]
[WhiteElo "2240"]
[BlackElo "2378"]
[Annotator "NA"]
[PlyCount "48"]
[EventDate "2019.03.07"]
[EventType "swiss"]
[EventCountry "VIE"]
[SourceTitle "playchess.com"]
[Source "ChessBase"]
[SourceQuality "1"]
[TimeControl "5400+30"]

1. Nf3 {[%emt 0:01:52]} Nf6 {[%emt 0:00:00]} 2. g3 {[%emt 0:00:05]} b6 {[%emt 0:00:00]} 3. Bg2 {[%emt 0:00:31]} Bb7 {[%emt 0:00:03]} 4. O-O {[%emt 0:00:17]} e6 {[%emt 0:00:17]} 5. d3 {[%emt 0:00:10]} c5 {[%emt 0:00:29]} 6. e4 {[%emt 0:00:34]} d6 {[%emt 0:00:06]} 7. Nh4 {[%emt 0:02:15]} Nc6 {[%emt 0:02:29]} 8. f4 {[%emt 0:00:56]} Be7 {[%emt 0:00:59]} 9. Be3 {[%emt 0:01:09]} Qc7 {[%emt 0:05:55]} 10. Nd2 {[%emt 0:01:19]} O-O-O {[%emt 0:01:32]} 11. c3 {[%emt 0:00:51]} Ba6 {[%emt 0:07:53]} 12. Qe2 {[%emt 0:08:25]} Kb8 {[%emt 0:03:29]} 13. Rfc1 {[%emt 0:01:01]} d5 {[%emt 0:01:55]} 14. e5 {[%emt 0:00:24]} Ne8 {[%emt 0:00:44]} 15. Nhf3 {[%emt 0:02:17]} f6 {[%emt 0:04:59]} 16. b4 {[%emt 0:05:17]} fxe5 {[%emt 0:21:18]} 17. bxc5 {[%emt 0:05:55]} bxc5 {[%emt 0:08:58]} 18. Nxe5 {[%emt 0:05:30]} Nd6 {[%emt 0:10:50]} 19. Nxc6+ {[%emt 0:06:50]} Qxc6 {[%emt 0:00:03]} 20. c4 {[%emt 0:00:14]} Nb7 {[%emt 0:07:25]} 21. Rab1 {[%emt 0:00:52]} Ka8 {[%emt 0:00:53]} 22. f5 {[%emt 0:06:31]} exf5 {[%emt 0:01:41]} 23. cxd5 {[%emt 0:00:09]} Rxd5 {[%emt 0:02:47]} 24. Nc4 {[%emt 0:05:29]} Rhd8 {[%emt 0:04:59]} *

[Event "9th HDBank Open 2019"]
[Site "Ho Chi Minh City"]
[Date "2019.03.11"]
[Round "7.1"]
[White "Bogdanovich, Stanislav"]
[Black "Mareco, Sandro"]
[Result "1-0"]
[WhiteElo "2536"]
[BlackElo "2666"]
[Annotator "TA"]
[PlyCount "67"]
[EventDate "2019.03.07"]
[EventType "swiss"]
[EventCountry "VIE"]
[SourceTitle "playchess.com"]
[Source "ChessBase"]
[SourceQuality "1"]

{[%evp 15,67,18,31,20,51,46,51,51,38,45,51,42,48,45,35,28,42,47,45,41,38,36,42,42,77,56,58,58,63,63,103,89,93,85,81,37,76,62,84,45,99,87,85,60,203,0,0,0,213,216,212,217,739,716]} 1. d4 Nf6 2. Bg5 d5 3. e3 c6 4. Nf3 Bf5 5. Bxf6 exf6 6. c4 dxc4 7. Bxc4 Bd6 8. Nc3 O-O 9. O-O {D00: 1 d4 d5: Unusual lines} Bg4 (9... Nd7 10. Nh4 Be6 11. Bxe6 fxe6 12. Qb3 Qe8 13. Ne4 Bb8 14. Qxb7 Nb6 15. Rac1 Qh5 16. Nf3 g5 {1-0 (26) Fischer,S (2296)-Rusakovsky,O (2031) Wuerttemberg 2011}) 10. h3 Bh5 $146 ({Predecessor:} 10... Be6 11. Bxe6 fxe6 12. Ne4 Rf7 13. Qb3 Re7 14. Nc5 Bxc5 15. dxc5 Qd5 16. Qc3 Na6 {0-1 (29) Voronkov,D (1960)-Kartsev,S (2114) Moscow 2009}) 11. g4 {White is slightly better.} Bg6 12. Nh4 Re8 13. Qf3 Nd7 14. Nf5 Nb6 15. Bb3 Qd7 16. h4 Bf8 17. h5 Bxf5 $1 18. gxf5 h6 19. Kh1 c5 20. dxc5 Bxc5 21. Rg1 {Black must now prevent Ne4.} Re5 $1 22. e4 Kh7 23. Rad1 Qc7 24. Rg4 $40 {[%mdl 128] White wants a kill.} Rg8 25. Ne2 {[%cal Bc3e2,Be2f4,Bf4e6][%mdl 32]} a5 26. a4 Re7 27. Qg2 Rd7 ({Better is} 27... Qb8 $1 $14) 28. Rg1 $16 {[%cal Rg4g7]} Bf8 29. Nf4 Qe5 (29... Qb8 $1 $14) 30. Rh4 $2 (30. Bxf7 $1 $18 {Hoping for Ne6.} Rxf7 31. Ne6 (31. Rh4 $2 Qe8 $19)) 30... Qe8 $11 31. Rg4 $2 (31. Qf3 $11) 31... Qe5 $18 {[#]} 32. Bxf7 $1 Rxf7 {[#]} 33. Ne6 $1 {Threatening mate with Rg6.} ({Don't go for} 33. Rh4 $2 Qe8 $19) 33... Bd6 $2 ({Not} 33... Kh8 34. Rg6 Qxe4 35. Qxe4 Nc8 36. Qg4 Ne7 37. Nd8 {[%mdl 64] Double Attack} Kh7 38. Nxf7) (33... Qxb2 34. Nxf8+ Kh8) 34. f4 {[%mdl 64] Trapped Piece. Accuracy: White = 82%, Black = 37%.} 1-0

[Event "9th HDBank Open 2019"]
[Site "Ho Chi Minh City"]
[Date "2019.03.11"]
[Round "7.2"]
[White "Wang, Hao"]
[Black "Van Wely, Loek"]
[Result "1-0"]
[WhiteElo "2718"]
[BlackElo "2612"]
[Annotator "TA"]
[PlyCount "93"]
[EventDate "2019.03.07"]
[EventType "swiss"]
[EventCountry "VIE"]
[SourceTitle "playchess.com"]
[Source "ChessBase"]
[SourceQuality "1"]

{[%evp 19,93,36,43,17,33,23,28,0,0,0,8,-20,6,-7,0,-25,0,0,0,7,0,0,0,0,2,0,0,0,9,0,31,24,30,25,27,26,27,18,28,35,29,28,37,42,47,41,77,77,70,68,69,70,463,459,436,420,7605,6168,29971,29972,29972,29973,29973,29974,29974,29973,29974,29975,29976,29976,29979,29980,29980,29981,29981,29982]} 1. e4 c5 2. Nf3 d6 3. d4 cxd4 4. Nxd4 Nf6 {[%cal Bg8f6,Bf6d7,Bd7e5][%mdl 32]} 5. Nc3 a6 6. h3 e6 7. g4 b5 8. Bg2 Bb7 9. O-O {B81: Sicilian Scheveningen: Keres Attack} Nfd7 10. a4 (10. Re1 Be7 11. e5 d5 12. a4 b4 13. Nxd5 Bxd5 14. Bxd5 exd5 15. e6 O-O 16. exd7 Qxd7 {1-0 (44) Anand,V (2803)-Volokitin,A (2639) Berlin 2015}) 10... bxa4 {LiveBook: 3 Games} 11. Rxa4 {White is slightly better.} (11. Be3 {feels hotter.} Be7 12. f4 O-O 13. Nxa4 Nc6 14. Nb3) 11... Nc6 $146 ({Predecessor:} 11... Be7 12. Be3 Nc5 13. Ra2 Nc6 14. Nxc6 Bxc6 15. Qa1 Bb7 16. Rd1 Nd7 {1-0 (35) Swiercz,D (2614)-Kraemer,M (2570) Germany 2015}) 12. Nxc6 Bxc6 13. Rc4 Ne5 14. Rd4 Be7 15. b3 Qa5 16. Qd2 Rc8 17. Bb2 Bb7 18. Na4 Qxd2 19. Rxd2 h5 20. Rfd1 hxg4 21. hxg4 Nxg4 22. Nb6 Rc7 23. Nc4 O-O 24. Ba3 d5 (24... Ne5 {looks sharper.} 25. Na5 Ba8 26. c4 f5 27. Bxd6 Bxd6 28. Rxd6 fxe4 29. Rd8 Rcf7) 25. Bxe7 Rxe7 26. exd5 exd5 27. Bxd5 Bxd5 28. Rxd5 Rfe8 29. Nd6 Re1+ 30. Kg2 Rxd1 31. Rxd1 $11 {[%mdl 4096] Endgame KRN-KRN} Rd8 32. Kf3 f5 33. Rd5 Kh7 34. b4 g6 35. c4 Ne5+ $2 {[%mdl 8192] [#]} (35... Rb8 $14) 36. Rxe5 $18 Rxd6 {KR-KR} 37. c5 Rd4 (37... Rd3+ $142 38. Re3 Rd8) 38. c6 Rxb4 39. Rc5 {White mates.} Rb8 40. Kf4 Kh6 41. c7 Rc8 42. Rc4 a5 43. Ke5 Kh5 44. Kd6 g5 45. Kd7 Ra8 46. c8=Q Rxc8 47. Rxc8 {Precision: White = 77%, Black = 47%.} 1-0

[Event "9th HDBank Open 2019"]
[Site "Ho Chi Minh City"]
[Date "2019.03.11"]
[Round "7.3"]
[White "Nguyen, Ngoc Truong Son"]
[Black "Iturrizaga Bonelli, Eduardo"]
[Result "1/2-1/2"]
[WhiteElo "2647"]
[BlackElo "2639"]
[Annotator "TA"]
[PlyCount "42"]
[EventDate "2019.03.07"]
[EventType "swiss"]
[EventCountry "VIE"]
[SourceTitle "playchess.com"]
[Source "ChessBase"]
[SourceQuality "1"]

{[%evp 21,32,11,28,8,26,0,0,0,0,0,0,-10,-5]} 1. d4 Nf6 2. Nf3 b6 3. Bf4 Bb7 4. e3 g6 5. Be2 Bg7 6. h3 O-O 7. O-O c5 8. c3 d6 9. Nbd2 Nbd7 10. Bh2 a6 11. a4 Ra7 12. Re1 {A48: 1 d4 Nf6 2 Nf3 g6: Torre, London and Colle Systems} (12. Qb1 Qa8 13. Bd3 cxd4 14. cxd4 Nd5 15. Rc1 Nb4 16. Bf1 Nf6 17. Ra3 Bd5 18. Bc4 Bc6 19. Bf1 Bd5 {1-0 (56) Ivanchuk,V (2713)-Wagner,D (2566) Batumi 2018}) 12... Qa8 13. Bd3 Ne4 {The position is equal.} 14. Nxe4 Bxe4 15. Bxe4 Qxe4 16. Qb1 Qxb1 {Predecessor:} 17. Rexb1 $146 Rc8 18. Nd2 Rb7 19. Ra3 h6 20. Kf1 Kh7 21. Ke2 Rcc7 {½-½ (21) Han,Y (1976)-Clanchy,N (1877) Hull 2018} 1/2-1/2

[Event "9th HDBank Open 2019"]
[Site "Ho Chi Minh City"]
[Date "2019.03.11"]
[Round "7.4"]
[White "Liu, Guanchu"]
[Black "Predke, Alexandr"]
[Result "1/2-1/2"]
[WhiteElo "2445"]
[BlackElo "2611"]
[Annotator "TA"]
[PlyCount "38"]
[EventDate "2019.03.07"]
[EventType "swiss"]
[EventCountry "VIE"]
[SourceTitle "playchess.com"]
[Source "ChessBase"]
[SourceQuality "1"]

{[%evp 23,30,0,0,0,10,0,10,-17,-8]} 1. e4 e5 2. Nf3 Nc6 3. Nc3 Nf6 4. d4 exd4 5. Nxd4 Bb4 6. Nxc6 bxc6 7. Bd3 d5 8. exd5 cxd5 9. O-O O-O 10. Bg5 c6 11. Qf3 Bd6 12. Bxf6 Qxf6 {The position is equal.} 13. Qxf6 {C47: Scotch Four Knights and Four Knights with 4 g3} gxf6 14. Ne2 Re8 (14... Rb8 15. Rab1 Re8 16. Ng3 h6 17. Nf5 Bxf5 18. Bxf5 Rb7 19. Bd3 Be5 20. Rfe1 Kf8 {½-½ (31) Ni,H (2674)-Rapport,R (2707) China 2017}) 15. Nd4 c5 {Predecessor:} 16. Nf5 $146 Bf8 17. Ng3 Be6 18. b3 c4 19. bxc4 dxc4 {0-1 (37) Gil Ojeda,J (1936)-Brito Garcia,A (2351) Santa Cruz de La Palma 2017} 1/2-1/2